| 000 | 00369nam a2200145Ia 4500 | ||
|---|---|---|---|
| 008 | 150201s2008 xx 000 0 und d | ||
| 082 |
_a617.6 _bI2008D |
||
| 100 | _aDAVARFANAH,M | ||
| 245 | _aIMMEDIATE LOADING OF DENTAL IMPLANTS | ||
| 250 | _a1ST | ||
| 260 |
_bQUINTESSENCE PUBLICATION _aCHICAGO _c2008 |
||
| 300 | _a1-350 | ||
| 650 | _aIMPLANTOLOGY | ||
| 942 |
_2ddc _cBK |
||
| 999 |
_c4473 _d4473 |
||